000 00932cab a2200289 4500
001 ABS59921
008 090401t1998 xxu||||| |||| 00| 0 eng d
035 _a(Sirsi) u90860
041 _aeng
100 _aHess, E.
245 _aTrends in the equity capital markets for real estate: US and Europe
260 _c1998
350 _a0
490 _aAustralian Property Journal
_v35(4) November 1998, 302-305(4)
520 _aAn article looking at recent trends in the equity capital markets for real estate, including a discussion of the future for the US public real estate market place.
650 _aCAPITAL MARKET
650 _aEQUITY MARKETS
650 _aEQUITY
650 _aEUROPE
650 _aFORECASTS
650 _aREAL ESTATE
650 _aREITS
650 _aUNITED STATES
690 _aPROPERTY-COMMERCIAL PROPERTY-COMMERCIAL PROPERTY FINANCE AND INVESTMENT
942 _n0
948 _c22/01/1999
999 _c57637
_d57637